[Event "GER-chT U10"]
[Site "Magdeburg"]
[Date "2016.12.29"]
[Round "6.4"]
[White "Storz, Leonard"]
[Black "Symanski, Philip"]
[Result "1-0"]
[WhiteElo "767"]
[BlackElo "752"]
[PlyCount "33"]
[EventDate "2016.12.27"]
[EventType "team-swiss"]
[EventRounds "7"]
[EventCountry "GER"]
[SourceTitle "EXT 2018"]
[Source "ChessBase"]
[SourceDate "2017.10.13"]
[SourceVersion "1"]
[SourceVersionDate "2017.10.13"]
[SourceQuality "1"]
[WhiteTeam "Walldorf"]
[BlackTeam "Essen Werden"]
[WhiteTeamCountry "GER"]
[BlackTeamCountry "GER"]

1. e4 e5 2. Nf3 Nc6 3. Bc4 Bc5 4. d3 d6 5. Nc3 Nf6 6. Bg5 Bg4 7. h3 Bh5 8. g4 Bg6 9. Nd5 0-0 10. Nxf6+ gxf6 11. Bh6 Re8 12. h4 Nd4 13. Nxd4 Bxd4 14. c3 Bc5 15. h5 Bxh5 16. gxh5 c6 17. Qg4+ 1-0

[Event "GER-chT U10"]
[Site "Magdeburg"]
[Date "2016.12.28"]
[Round "3.4"]
[White "Symanski, Philip"]
[Black "Ruettinger, Max"]
[Result "1-0"]
[WhiteElo "752"]
[BlackElo "962"]
[PlyCount "65"]
[EventDate "2016.12.27"]
[EventType "team-swiss"]
[EventRounds "7"]
[EventCountry "GER"]
[SourceTitle "EXT 2018"]
[Source "ChessBase"]
[SourceDate "2017.10.13"]
[SourceVersion "1"]
[SourceVersionDate "2017.10.13"]
[SourceQuality "1"]
[WhiteTeam "Essen Werden"]
[BlackTeam "Erfurt Empor"]
[WhiteTeamCountry "GER"]
[BlackTeamCountry "GER"]

1. e4 e5 2. Nf3 Nc6 3. Bb5 Nf6 4. Nc3 Bc5 5. 0-0 a6 6. Bc4 d6 7. h3 Be6 8. Bxe6 fxe6 9. d3 Nh5 10. Bg5 Qd7 11. Na4 Ng3 12. Re1 Bb4 13. c3 Bc5 14. Nxc5 dxc5 15. fxg3 h6 16. Be3 Qf7 17. Bxc5 Qg6 18. Kh2 h5 19. Be3 h4 20. Nxh4 Qf6 21. Rf1 Qe7 22. Ng6 Qd7 23. Nxh8 0-0-0 24. Nf7 Rg8 25. b4 Ne7 26. d4 exd4 27. cxd4 Qb5 28. a3 Ng6 29. Qc1 Qd7 30. e5 Rf8 31. Nd6+ Kd8 32. Rxf8+ Nxf8 33. Nxb7+ 1-0

[Event "GER-chT U10"]
[Site "Magdeburg"]
[Date "2016.12.27"]
[Round "2.4"]
[White "Symanski, Philip"]
[Black "Eschweiler, Charlotte"]
[Result "1-0"]
[WhiteElo "752"]
[BlackElo "767"]
[PlyCount "71"]
[EventDate "2016.12.27"]
[EventType "team-swiss"]
[EventRounds "7"]
[EventCountry "GER"]
[SourceTitle "EXT 2018"]
[Source "ChessBase"]
[SourceDate "2017.10.13"]
[SourceVersion "1"]
[SourceVersionDate "2017.10.13"]
[SourceQuality "1"]
[WhiteTeam "Essen Werden"]
[BlackTeam "Niederkassel"]
[WhiteTeamCountry "GER"]
[BlackTeamCountry "GER"]

1. e4 e5 2. Nf3 Nc6 3. Bc4 Bc5 4. 0-0 Nf6 5. Nc3 d6 6. a3 Bg4 7. d3 0-0 8. Bg5 h6 9. Bh4 Nd4 10. Nd5 Re8 11. Nxf6+ gxf6 12. c3 Nxf3+ 13. gxf3 Bh3 14. Re1 Qd7 15. d4 exd4 16. cxd4 d5 17. Bxd5 Bd6 18. Bxf6 Kh7 19. e5 Rg8+ 20. Kh1 Qf5 21. Be4 Bg2+ 22. Kg1 Bxf3+ 23. Kf1 Bxe4 24. exd6 Bd3+ 25. Re2 Qg4 26. Ke1 Qf4 27. Qxd3+ Rg6 28. Be5 Qg4 29. Rd1 Qg1+ 30. Kd2 f6 31. Rxg1 Rag8 32. Rxg6 Rxg6 33. Bxf6 h5 34. Re7+ Kg8 35. Qxg6+ Kf8 36. Qg7# 1-0